000 00295nam a22001337a 4500
008 170223b xxu||||| |||| 00| 0 eng d
020 _a0683089560
041 _aeng
080 _23 ED
_a617
100 _a6
101 _aSHK
245 _aATLAS OF PELVIC SURGERY
_cWHEELESS.C.R
942 _2udc
_cBK
999 _c6137
_d6137